| 000 | 00818nam a2200229 a 4500 | ||
|---|---|---|---|
| 001 | 000036840 | ||
| 005 | 20250610091439.0 | ||
| 008 | 120202s1998 mx a 000 0 spa d | ||
| 020 | _a8403595263 | ||
| 040 |
_aDO-SdBNP _bspa _cBNPHU |
||
| 100 |
_aMenchú, Rigoberta, _d1959- _941837 |
||
| 245 | 1 | 0 |
_aRigoberta : _bla nieta de los mayas / _cRigoberta Menchú ; con la colaboración de Gianni Miná y Dante Liano. |
| 260 |
_aMéxico : _bAguilar, _c1998. |
||
| 300 |
_a348 p. : _bil. ; _c22 cm. |
||
| 600 | 0 |
_aMenchú, Rigoberta, _d1959- _941837 |
|
| 650 | 2 | 4 |
_aMujeres quiché _xBiografía _963183 |
| 650 | 2 | 4 |
_aMujeres guatemaltecas _963184 |
| 651 | 0 |
_aGuatemala _xIndígenas _xBiografía _963185 |
|
| 650 | 2 | 4 |
_aPremio novel de la paz _963186 |
| 700 | 1 |
_aMiná, Gianni, _ecol. _921419 |
|
| 700 | 1 |
_aLiano, Dante, _ecol. _963187 |
|
| 999 |
_c36331 _d36331 |
||